| 000 | 00513nam a2200205Ia 4500 | ||
|---|---|---|---|
| 008 | 170918s9999 xx 000 0 und d | ||
| 020 | _a9780439334938 | ||
| 050 | _bH551 2001 | ||
| 100 | _aHerman, Gail | ||
| 245 | 4 | _aThe haunted ski lodge / | |
| 245 | _cby Gail Herman ; illustrated by Duendes del Sur.. | ||
| 260 | _aNew York : | ||
| 260 | _bScholastic, | ||
| 260 | _c2001 | ||
| 300 | _a32 pages : | ||
| 300 | _bcolored illustration ; | ||
| 300 | _c23cm. | ||
| 440 | _aScooby-doo! | ||
| 500 | _a120 | ||
| 999 |
_c342780 _d342780 |
||